000 00503nam a2200169Ia 4500
008 240729s9999 xx 000 0 und d
022 _a2589-7578
245 0 _aHydroResearch
260 _aChina
260 _bKeAi Communications Co., Ltd.
650 _a Environmental technology. Sanitary engineering
650 _a Water supply for domestic and industrial purposes
650 _aTechnology
856 _uhttps://doaj.org/toc/98a2326463a7490382a5c61e6891e4e4
942 _2ddc
942 _cDOAJEJ
999 _c67616
_d67616
945 _a1
_bMadushi Gamage
_c1
_dMadushi Gamage